000 01708cam a2200205 4500500
005 20260208003657.0
041 _afre
042 _adc
100 1 0 _aIthurbide, Christine
_eauthor
700 1 0 _aBouquillion, Philippe
_eauthor
700 1 0 _aKniaz, Alix
_eauthor
700 1 0 _aNiedbalec, Arnaud
_eauthor
245 0 0 _aPages de début
260 _c2026.
500 _a85
520 _aDans un contexte de globalisation, les plateformes numériques américaines tentent de se faire une place sur le marché indien en pleine croissance. À partir du cas des industries de la culture, cet entretien revient sur leurs différentes stratégies d’adaptation et d’investissement sur le plan industriel, économique et technologique. Il est également question des rapports d’influence, de pouvoir et d’hégémonie que suscitent ces plateformes dans l’industrie cinématographique et, plus largement, des transformations de l’économie indienne auxquelles les acteurs du numérique concourent.
520 _aIn a globalization context, American digital platforms attempt to impose themselves on the fast-growing Indian market. From the case of the cultural industries, this interview examines their different adaptation and investment strategies in industrial, economic and technological terms. It also focuses on the influence, the relation of power and the hegemony that these platforms have on the film industry and, more broadly, on transformations introduced by digital players in the Indian economy.
786 0 _nRevue économique | 76 | 4 | 2026-01-16 | p. 493-495 | 0035-2764
856 4 1 _uhttps://shs.cairn.info/revue-revue-economique-2025-4-page-493?lang=fr&redirect-ssocas=7080
999 _c1648509
_d1648509